Central Library OPAC University of Rajshahi

কারাগারে কেমন ছিলাম ২০০৭-২০০৮ (Record no. 39731)

MARC details
000 -LEADER
fixed length control field 00928nam a2200229 a 4500
001 - CONTROL NUMBER
control field 39731
003 - CONTROL NUMBER IDENTIFIER
rucl marc code BD-RjUL
005 - DATE AND TIME OF LATEST TRANSACTION
control field 20211209053039.0
008 - FIXED-LENGTH DATA ELEMENTS--GENERAL INFORMATION
fixed length control field 160417s2013 BG |||| |||| 00| 0 ben d
020 ## - INTERNATIONAL STANDARD BOOK NUMBER
International Standard Book Number 9789845061711
Terms of availability : Tk. 700.00
035 ## - SYSTEM CONTROL NUMBER
System control number (BD-RjUL)39844
040 ## - CATALOGING SOURCE
Original cataloging agency BD-RjUL
Language of cataloging ben
Transcribing agency BD-RjUL
041 ## - LANGUAGE CODE
Language code of text/sound track or separate title ben
082 ## - DEWEY DECIMAL CLASSIFICATION NUMBER
Edition number 23
Classification number 320.95492
Author mark and year AHK 2013
100 ## - MAIN ENTRY--PERSONAL NAME
Personal name আহমদ, মওদুদ
9 (RLIN) 120340
245 10 - TITLE STATEMENT
Title কারাগারে কেমন ছিলাম ২০০৭-২০০৮
Statement of responsibility, etc. মওদুদ আহমদ
260 ## - PUBLICATION, DISTRIBUTION, ETC. (IMPRINT)
Place of publication, distribution, etc. ঢাকা :
Name of publisher, distributor, etc. দি ইউনিভার্সিটি প্রেস লিমিটেড,
Date of publication, distribution, etc. ২০১৩.
300 ## - PHYSICAL DESCRIPTION
Pagination x,৩৯১ পৃ. ;
Size ২১ সেমি.
650 ## - SUBJECT ADDED ENTRY--TOPICAL TERM
Topical term or geographic name as entry element রাজনৈতিক পরিস্থিত
Geographic subdivision বাংলাদেশ
9 (RLIN) 119995
General subdivision ইতিহাস
Topical term or geographic name as entry element Political conditions
Geographic subdivision Bangladesh
9 (RLIN) 119996
General subdivision History
942 ## - ADDED ENTRY ELEMENTS (KOHA)
Source of classification or shelving scheme Dewey Decimal Classification
Koha item type Books
Holdings
Lost status Source of classification or shelving scheme Damaged status Not for loan Collection code Permanent Location Current Location Shelving location Date acquired Source of acquisition Cost, normal purchase price Total Checkouts Full call number Date last seen Copy number Koha item type
  Dewey Decimal Classification   Not For Loan Non-fiction Central Library, University of Rajshahi Central Library, University of Rajshahi Reading Room 23/12/2013 Prothoma Prokashon, dhaka 700.00   B 320.95492 AHK 2013 17/04/2016 C-1 Books
  Dewey Decimal Classification     Non-fiction Central Library, University of Rajshahi Central Library, University of Rajshahi   23/12/2013 Prothoma Prokashon, dhaka 700.00   B 320.95492 AHK 2013 17/04/2016 C-2 Books